000 00549cam a2200217 4500
001 D15032
008 090401t1980 xxu||||| |||| 00| 0 eng d
035 _a(Sirsi) u19753
041 _aeng
050 _a333.335
090 _aRICS 1980/98ABC
110 _aRoyal Institution of Chartered Surveyors
_94900
245 _aAgricultural rent valuations: guidance notes
260 _bRICS
_c1980
300 _a9p. 21cm
350 _a1
520 _aFiled in box RICS 1980/98 ABC
710 _aC.A.A.V.
_9772
942 _n0
948 _c04/03/1997
999 _c87706
_d87706